|
|
|
|
| LEADER |
00000nam a22000007a 4500 |
| 005 |
2015092904024.0 |
| 007 |
cr|||| |||| |
| 008 |
150929s2009 mx |||||s|||| 00||0 spa d |
| 020 |
|
|
|a 978-607-8359-50-9
|
| 035 |
|
|
|a 12797
|
| 040 |
|
|
|a vLex
|
| 090 |
|
|
|c 5557
|d 5557
|
| 100 |
1 |
|
|a Da̕z Flores, Manuel
|
| 245 |
1 |
0 |
|a Modernizacin̤ de la gestin̤ financiera en los municipios del Estado de Aguascalientes
|h [Recurso electrn̤ico] /
|c Manuel Da̕z Flores
|
| 256 |
|
|
|a Servicio en ln̕ea
|
| 260 |
|
|
|a Mx̌ico:
|b Universidad Autn̤oma de Aguas Calientes
|c 2007
|
| 300 |
|
|
|a 1 recurso electrn̤ico
|
| 506 |
|
|
|a Contenido solo disponible en los productos indicados
|d vLex Global
|d vLex Global (Academic Edition, excluding Law Schools)
|d vLex Global (U.S. Academic Edition, Law Schools)
|d vLex Global (U.S. Academic Edition, excluding Law Schools)
|d vLex Global (Academic Edition, Law Schools)
|
| 650 |
0 |
4 |
|a Administracin̤ pb︢lica
|z Agua Calientes
|
| 740 |
0 |
|
|a vLex Libros (Servicio en ln̕ea)
|
| 856 |
4 |
0 |
|u http://vlex.com/source/modernizacion-gestion-financiera-municipios-estado-aguascalientes-12797
|z Acceso restringido
|
| 942 |
|
|
|c BOOK
|
| 999 |
0 |
|
|a Public administration
|